The handbook of political economy of communications (Registro nro. 298805)

Detalles MARC
000 -ENCABEZADO
Número de control [NR] 01081cam a2200277Mi 4500
005 - FECHA Y HORA DE LA ÚLTIMA TRANSACCIÓN
control field 20150408065900.0
008 - DE LONGITUD FIJA DE DATOS DE ELEMENTOS - INFORMACIÓN GENERAL
Elementos de longitud fija [NR] 150408s2011 enk fr 001 0 eng d
020 ## - NUMERO INTERNACIONAL NORMALIZADO PARA LIBROS [R]
Número Internacional Normalizado del libro [NR] 9781118799444
035 ## - NUMERO DE CONTROL DEL SISTEMA [R]
Número de control del sistema [NR] (OCoLC)764342965
040 ## - FUENTE DE CATALOGACION [NR]
Agencia de catalogación original [NR] CO-BoUCM
Idioma de catalogación [NR] spa
Quien Cataloga Jose A. Gerena
Quien Clasifica Jose A. Gerena
041 ## - CODIGO DE IDIOMA [R]
Código de idioma para texto/pista de sonido o título separado [R] Inglés
245 04 - MENCION DE TITULO [NR]
Título [NR] The handbook of political economy of communications
Mención de responsabilidad, etc. [NR] editado por Janet Wasko, Graham Murdock, Helena Sousa
260 ## - PUBLICACION, DISTRIBUCION, ETC. (PIE DE IMPRENTA) [R]
Lugar de publicación, distribución, etc. [R] Oxford (Oxfordshire, Inglaterra)
Nombre del editor, distribuidor, etc. [R] Wiley-Blackwell
Fecha de publicación, distribución, etc. [R] 2011
300 ## - DESCRIPCION FISICA [R]
Extensión [R] xiv, 611 páginas
490 0# - MENCION DE SERIE [R]
Mención de serie [R] Global handbooks in media and communication research
650 #7 - ASIENTO SECUNDARIO DE MATERIA - TERMINO TEMATICO [R]
Término temático o nombre geográfico como elemento de entrada [NR] Comunicación
9 (RLIN) 11346
650 #7 - ASIENTO SECUNDARIO DE MATERIA - TERMINO TEMATICO [R]
Término temático o nombre geográfico como elemento de entrada [NR] Comunicación
Subdivisión general [R] Aspectos políticos
9 (RLIN) 11346
650 #7 - ASIENTO SECUNDARIO DE MATERIA - TERMINO TEMATICO [R]
Término temático o nombre geográfico como elemento de entrada [NR] Comunicación
Subdivisión general [R] Aspectos económicos
9 (RLIN) 32075
650 #7 - ASIENTO SECUNDARIO DE MATERIA - TERMINO TEMATICO [R]
Término temático o nombre geográfico como elemento de entrada [NR] Industria de los medios de comunicación de masas
9 (RLIN) 17415
690 ## - ASUNTO AGREGADO LOCAL DE ENTRADA - TÉRMINO TEMÁTICO (OCLC, RLIN)
9 (RLIN) 42898
Acceso temático local Periodismo
700 1# - ASIENTO SECUNDARIO - NOMBRE PERSONAL [R]
Nombre personal [NR] Wasko, Janet
Término de relación [R] editor
9 (RLIN) 68229
700 1# - ASIENTO SECUNDARIO - NOMBRE PERSONAL [R]
Nombre personal [NR] Murdock, Graham
Término de relación [R] editor
9 (RLIN) 68230
700 1# - ASIENTO SECUNDARIO - NOMBRE PERSONAL [R]
Nombre personal [NR] Sousa, Helena
Término de relación [R] editor
9 (RLIN) 68231
942 ## - ELEMENTOS DE ENTRADA AGREGADOS (KOHA)
Sistema de clasificación DEWEY
Tema principal Comunicación
Tipo de ítem principal el descrito en 300a Libro
Edición 1
Clasificación 384.04
Parte restante de la signatura top. H236
Existencias
Total préstamos Signatura topográfica Código de barras Última vez visto Ejemplar Costo de reposición Price effective from Tipo de ítem Perdido Dañado No prestable Tipo de ítem específico Suprimido Ubicación habitual Ubicación actual Localización Fecha de creación Proveedor Forma de adquisición Costo
  384.04 H236 100145471 05/12/2025 Ej.1 112112.00 06/04/2015 Libro       Libro   Claustro Claustro Mezanine 06/04/2015 37 Compra 112112.00